The flame of the forest / (Record no. 151815)

MARC details
000 -LEADER
fixed length control field 00525nam a22001937a 4500
005 - DATE AND TIME OF LATEST TRANSACTION
control field 20180502102526.0
010 ## - LCCN (DPL NO)
LC control number ENG-122842
020 ## - INTERNATIONAL STANDARD BOOK NUMBER
International Standard Book Number 9789386338549
Terms of availability 350.00
035 ## - SYSTEM CONTROL NUMBER
System control number EN-106374
037 ## - SOURCE OF ACQUISITION
Source of stock number/acquisition DBAD/PUB
082 ## - DEWEY DECIMAL CLASSIFICATION NUMBER
Classification number N
100 ## - MAIN ENTRY--PERSONAL NAME
Personal name Ghose, Sudhin N.
245 ## - TITLE STATEMENT
Title The flame of the forest /
Statement of responsibility, etc by Sudhin N. Ghose
260 ## - PUBLICATION, DISTRIBUTION, ETC. (IMPRINT)
Place of publication, distribution, etc New Delhi
Name of publisher, distributor, etc Speaking Tiger
Date of publication, distribution, etc 2017
270 ## - ADDRESS
Address 4381/4, Ansari Road, Daryaganj,
City New Delhi
Postal code 110002
300 ## - PHYSICAL DESCRIPTION
Extent 275p.
Dimensions 21cm(pbk)
500 ## - GENERAL NOTE
General note Part One
942 ## - ADDED ENTRY ELEMENTS (KOHA)
Source of classification or shelving scheme Dewey Decimal Classification
Item type English Books
Call number suffix GHO
Classification part N
Holdings
Withdrawn status Lost status Not for loan Collection code Home library Current library Date acquired Source of acquisition Cost, normal purchase price Full call number Barcode Copy number Cost, replacement price Koha item type
      Fiction D.B.Act.Division Shahdara Branch 02/05/2018 DBAD/PUB 350.00 N GHO EN-106374 1 350.00 English Books

© Delhi Public Library
Hit Counter
free hit counter